LEADER 01088nam0-22003131i-450- 001 990004273140403321 005 20060315123036.0 010 $a88-7062-825-6 035 $a000427314 035 $aFED01000427314 035 $a(Aleph)000427314FED01 035 $a000427314 100 $a19990604d1993----km-y0itay50------ba 101 0 $ager 105 $aa-------00-y- 200 1 $a<>Fidestempel auf dem Kapitol in Rom und seine Ausstattung$eEin Beitrag zu den Ausgrabungen an der Via Del Mare und um das Kapitol 1926-1943$fChristoph Reusser 210 $aRoma$cL'Erma di Bretschneider$dc1993 215 $a285 p.$c107 ill.$d29 cm 225 1 $aBullettino della Commissione archeologica comunale di Roma$iSupplementi$v2 610 0 $aScavi archeologici$aRoma 676 $a937.6$v21$zita 700 1$aReusser,$bChristoph$0169521 801 0$aIT$bUNINA$gRICA$2UNIMARC 901 $aBK 912 $a990004273140403321 952 $a937.6 REU 1$bBibl.23586$fFLFBC 959 $aFLFBC 996 $aFidestempel auf dem Kapitol in Rom und seine Ausstattung$972546 997 $aUNINA LEADER 01242nam 2200409 450 001 9910788132303321 005 20230807210447.0 010 $a1-78316-243-0 035 $a(CKB)2670000000616317 035 $a(MiAaPQ)EBC2050890 035 $a(EXLCZ)992670000000616317 100 $a20150529h20152015 uy 0 101 0 $aeng 135 $aurcnu|||||||| 181 $2rdacontent 182 $2rdamedia 183 $2rdacarrier 200 04$aThe Arthur of the Iberians $eArthurian legends in the Spanish and Portuguese worlds /$fedited by David Hook 210 1$aCardiff, [Wales] :$cUniversity of Wales Press,$d2015. 210 4$dİ2015 215 $a1 online resource (549 pages) 225 1 $aArthurian Literature in the Middle Ages ;$v8 311 $a1-78316-241-4 311 $a1-78316-242-2 320 $aIncludes bibliographical references and indexes. 410 0$aArthurian literature in the Middle Ages ;$v8. 606 $aArthurian romances 615 0$aArthurian romances. 676 $a823.2 702 $aHook$b David 801 0$bMiAaPQ 801 1$bMiAaPQ 801 2$bMiAaPQ 906 $aBOOK 912 $a9910788132303321 996 $aThe Arthur of the Iberians$93791295 997 $aUNINA